[Event "It (open) (juniors)"]
[Site "masterchessopen.com – Hallsberg (Sweden)"]
[Date "1972.12.28"]
[Round "2"]
[White "Hansson Hakan (SWE)"]
[Black "Semakoff Aleks (NOR)"]
[Result "1-0"]
[WhiteElo "2093"]
[BlackElo "2137"]

1.d4 Nf6 2.c4 e6 3.Nf3 b6 4.a3 Bb7 5.Nc3 d5 6.cxd5 Nxd5 7.e3 c5 8.Bb5+ Nd7
9.Nxd5 Bxd5 10.Ne5 f6 11.Bxd7+ {#r} 1-0

[Event "It (b)"]
[Site "masterchessopen.com – Cienfuegos (Cuba)"]
[Round "10"]
[White "Rodriguez Gonzales Jesus (CUB)"]
[Black "Fernandez Ciro A (CUB)"]
[Result "1-0"]
[WhiteElo "2355"]
[BlackElo "2290"]

1.Nf3 Nf6 2.c4 b6 3.d4 e6 4.a3 c5 5.Bg5 Ba6 6.e3 Be7 7.Nc3 O-O 8.Bd3 cxd4
9.Nxd4 Bb7 10.O-O Nc6 11.Nxc6 Bxc6 12.Qe2 d5 13.Rfd1 Qe8 14.Rac1 Rd8 15.cxd5
exd5 16.Nb5 Qd7 17.Nd4 {#r} 1-0

[Event "?"]
[Site "masterchessopen.com – Barcelona (Spain)"]
[Round "0"]
[White "Marjanovic Slavoljub (SRB)"]
[Black "Forintos Gyozo V (HUN)"]
[Result "1-0"]
[WhiteElo "2490"]
[BlackElo "2317"]

1.d4 Nf6 2.c4 e6 3.Nf3 b6 4.a3 Bb7 5.Nc3 Be7 6.d5 exd5 7.cxd5 O-O 8.e4 Re8
9.Bd3 c6 10.O-O cxd5 11.exd5 Na6 12.d6 Bf8 13.b4 Qc8 14.Bb2 Re6 15.Nb5 Ne4
16.Re1 Qd8 17.Nbd4 Re8 18.Nf5 Ng5 19.Rxe8 Nxf3+ 20.Qxf3 Bxf3 21.Rxd8 Rxd8
22.gxf3 {#r} 1-0

[Event "?"]
[Site "masterchessopen.com – Barcelona (Spain)"]
[Round "0"]
[White "Rajkovic Dusan (SRB)"]
[Black "Rodriguez Orestes (ESP)"]
[Result "1-0"]
[WhiteElo "2495"]
[BlackElo "2445"]

1.d4 Nf6 2.c4 e6 3.Nf3 b6 4.a3 c5 5.e3 g6 6.Nc3 Bg7 7.Be2 O-O 8.O-O d6 9.b4
Nbd7 10.Rb1 Bb7 11.Bb2 Qe7 12.Qb3 Rab8 13.Rfd1 Rfc8 14.dxc5 dxc5 15.Nb5 a6
16.Nd6 Rc7 17.Ne5 Nxe5 18.Bxe5 Ba8 19.bxc5 Rxc5 20.Nf5 gxf5 21.Bxb8 Ne4
22.Qxb6 {#r} 1-0

[Event "Ch NRW"]
[Site "masterchessopen.com – Niederdreisbach (Germany)"]
[Round "0"]
[White "Lau Ralf (GER)"]
[Black "Ostermeyer Peter Dr (GER)"]
[Result "1-0"]
[WhiteElo "2437"]
[BlackElo "2415"]

1.d4 Nf6 2.c4 e6 3.Nf3 b6 4.a3 c5 5.d5 Ba6 6.Qc2 exd5 7.cxd5 Bb7 8.e4 Qe7
9.Bd3 Nxd5 10.O-O Nc7 11.Nc3 Nc6 12.Bg5 f6 13.Nd5 Qd6 14.Bf4 Ne5 15.Rfd1 Ne6
16.Bb5 O-O-O 17.Bg3 Qb8 18.Qa4 d6 19.Nxe5 fxe5 20.Bxe5 Bxd5 21.exd5 dxe5
22.Ba6+ {#r} 1-0

[Event "Olympiad"]
[Site "masterchessopen.com – Lucerne (Switzerland)"]
[Round "4"]
[White "Huss Andreas (SUI)"]
[Black "Demetrakis Michael (CYP)"]
[Result "1-0"]
[WhiteElo "2308"]
[BlackElo "2150"]

1.d4 Nf6 2.Nf3 b6 3.c4 e6 4.a3 Bb7 5.Nc3 d5 6.Bg5 h6 7.Bxf6 Qxf6 8.cxd5 exd5
9.Qa4+ Bc6 10.Qb3 Qe6 11.Ne5 Bb7 12.e4 c6 13.exd5 cxd5 14.Bb5+ Kd8 15.O-O Bd6
16.Rfe1 Qf5 17.Bd3 Qe6 18.Ng6 {#r} 1-0

[Event "Ch Leningrad"]
[Site "masterchessopen.com – Leningrad (Russia)"]
[Round "0"]
[White "Mamut Igor (ISR)"]
[Black "Aseev Konstantin N (RUS)"]
[Result "0-1"]
[WhiteElo "2219"]
[BlackElo "2511"]

1.d4 Nf6 2.c4 e6 3.Nf3 b6 4.a3 Ba6 5.Qc2 Bb7 6.Nc3 c5 7.d5 exd5 8.cxd5 Nxd5
9.Bg5 Be7 10.Qe4 Nxc3 11.Qxb7 Nc6 12.Bxe7 Kxe7 13.bxc3 Rb8 14.Qa6 b5 15.Ne5
Nxe5 16.Qxa7 Rb6 17.O-O-O Ke8 {#R} 0-1

[Event "Memorial Elekes (open)"]
[Site "masterchessopen.com – Budapest (Hungary)"]
[Round "0"]
[White "Kulcsar Tamas (HUN)"]
[Black "Bacso Gabor (HUN)"]
[Result "1-0"]
[WhiteElo "2119"]
[BlackElo "2102"]

1.d4 Nf6 2.c4 e6 3.Nf3 b6 4.a3 d5 5.cxd5 exd5 6.g3 Bd6 7.Qa4+ Bd7 8.Qc2 O-O
9.Bg2 c5 10.O-O Nc6 11.Rd1 c4 12.Nc3 Na5 13.Bg5 Be6 14.e4 dxe4 15.Nxe4 Bf5
16.Nh4 Bxe4 17.Bxe4 Rc8 18.Bxh7+ Kh8 19.Qf5 Be7 20.Bxf6 Bxf6 21.Qh5 Re8
22.Bg6+ {#r} 1-0

[Event "?"]
[Site "masterchessopen.com – Imperia (Italy)"]
[Round "0"]
[White "Sarno Spartaco (ITA)"]
[Black "Aleksic Nenad (MNE)"]
[Result "1-0"]
[WhiteElo "2330"]
[BlackElo "2012"]

1.d4 Nf6 2.c4 e6 3.Nf3 b6 4.a3 c5 5.d5 Ba6 6.Qc2 Qe7 7.Bg5 exd5 8.Nc3 Bxc4
9.e4 h6 10.Bxf6 Qxf6 11.exd5 Bxf1 12.Kxf1 d6 13.Re1+ Kd8 14.b4 Nd7 15.bxc5
bxc5 16.Nb5 a6 17.Qa4 a5 18.Nc7 {#r} 1-0

[Event "Ch URS (1 liga)"]
[Site "masterchessopen.com – Kharkov (Ukraine)"]
[Round "0"]
[White "Psakhis Lev (ISR)"]
[Black "Rozentalis Eduardas (LTU)"]
[Result "1-0"]
[WhiteElo "2540"]
[BlackElo "2465"]

1.d4 Nf6 2.c4 e6 3.Nf3 b6 4.a3 Bb7 5.Nc3 d5 6.cxd5 exd5 7.Qa4+ c6 8.Bg5 Be7
9.e3 O-O 10.Bd3 Nbd7 11.Ne5 Nxe5 { ? } ( 11...Qc7 12.f4 Nxe5 13.fxe5 Ng4
14.Bf4 f6 15.Qc2 fxe5 16.Nxd5 Bh4+ 17.g3 Qd8 { ? } ) 12.dxe5 Nh5 ( 12...Nd7
13.Qh4 { +?? } ) 13.Bxe7 Qxe7 14.g4 d4 15.Ne2 c5 16.Rg1 dxe3 17.gxh5 Qxe5
18.fxe3 Rad8 19.Qf4 Qxb2 20.Rb1 {#r} 1-0

[Event "Tournament"]
[Site "masterchessopen.com – Athens (Greece)"]
[Round "0"]
[White "Lagopatis Nikolaos (GRE)"]
[Black "Drakopoulos Anastasios (GRE)"]
[Result "1-0"]
[WhiteElo "2234"]
[BlackElo "2149"]

1.d4 e6 2.Nf3 b6 3.c4 Nf6 4.a3 Bb7 5.Nc3 d5 6.cxd5 exd5 7.g3 Bd6 8.Bg2 O-O
9.O-O c6 10.Nh4 Nbd7 11.Nf5 Qc7 12.Bg5 Rae8 13.Rc1 Qb8 14.Qc2 Bc7 15.Rfe1 a6
16.Nxd5 Nxd5 17.Bxd5 Bxg3 18.hxg3 cxd5 19.Ne7+ Kh8 20.Kg2 {#r} 1-0

[Event "Ch Uruguay"]
[Site "masterchessopen.com – Uruguay"]
[Round "0"]
[White "Almada Enrique (SUI)"]
[Black "Rodriguez Adolfo I (ARG)"]
[Result "1-0"]
[WhiteElo "2349"]
[BlackElo "2235"]

1.d4 Nf6 2.c4 e6 3.Nf3 b6 4.a3 d5 5.cxd5 exd5 6.Nc3 Bb7 7.g3 Nbd7 8.Bg2 c6
9.O-O Bd6 10.Bd2 O-O 11.Rc1 Re8 12.Re1 b5 13.Nh4 a5 14.Nf5 Bb8 15.Rc2 Nb6
16.e4 Nc4 17.e5 Nxd2 18.exf6 Rxe1+ 19.Qxe1 {#r} 1-0

[Event "It (open)"]
[Site "masterchessopen.com – Baden-Baden (Germany)"]
[Round "5"]
[White "Roes Helge (GER)"]
[Black "Roos Jean-Luc (FRA)"]
[Result "0-1"]
[WhiteElo "2181"]
[BlackElo "2218"]

1.d4 Nf6 2.c4 e6 3.Nf3 b6 4.a3 Ba6 5.Qc2 d5 6.cxd5 exd5 7.Bg5 Be7 8.Nc3 O-O
9.g3 h6 10.Bf4 c5 11.Qa4 Qd7 12.Qxd7 Nbxd7 13.Bh3 g5 14.Bxd7 Nxd7 15.Nxd5 Bd8
16.Bd6 Re8 17.O-O Re6 18.dxc5 bxc5 19.Bxc5 Nxc5 20.Rfe1 Nb3 {#R} 0-1

[Event "It (open)"]
[Site "masterchessopen.com – St. Ingbert (Germany)"]
[Round "2"]
[White "Drollinger Dennis (GER)"]
[Black "Schneider Heiko (GER)"]
[Result "0-1"]
[WhiteElo "2271"]
[BlackElo "2212"]

1.d4 Nf6 2.c4 e6 3.Nf3 b6 4.a3 Ba6 5.e3 d5 6.Nbd2 Be7 7.Be2 O-O 8.O-O Bb7
9.cxd5 Bxd5 10.Nb1 Nbd7 11.Nc3 Bb7 12.Bd3 c5 13.e4 cxd4 14.Nxd4 Nc5 15.e5 Nxd3
16.exf6 Bxf6 17.Nf3 Rc8 18.Qb3 Bxf3 19.gxf3 Bxc3 20.bxc3 Qf6 21.Qa4 Qxf3
22.Qxa7 Rc4 {#R} 0-1

[Event "Ch Greece"]
[Site "masterchessopen.com – Athens (Greece)"]
[Round "0"]
[White "Maris Ioannis (GRE)"]
[Black "Lirindzakis Timotheos (GRE)"]
[Result "1-0"]
[WhiteElo "2008"]
[BlackElo "2330"]

1.d4 Nf6 2.c4 e6 3.Nf3 b6 4.a3 Ba6 5.b3 d5 6.Nc3 Be7 7.e3 O-O 8.Be2 c5 9.cxd5
Bxe2 10.Nxe2 Qxd5 11.O-O cxd4 12.Nexd4 Nbd7 13.Bb2 Ne4 14.Rc1 Rac8 15.Nc6 Bc5
16.Qxd5 exd5 17.Nxa7 Ra8 18.Nb5 Rfc8 19.b4 Be7 20.Nc7 {#r} 1-0

[Event "It (w)"]
[Site "masterchessopen.com – Sochi (Russia)"]
[Round "12"]
[White "Riedel Antje (GER)"]
[Black "Sosnowska Elzbieta (POL)"]
[Result "1-0"]
[WhiteElo "2210"]
[BlackElo "1918"]

1.d4 Nf6 2.c4 e6 3.Nf3 b6 4.a3 Bb7 5.Nc3 d5 6.cxd5 Nxd5 7.Qc2 Nxc3 8.Qxc3 Nd7
9.Bg5 Qc8 10.e3 Bd6 11.Be2 O-O 12.O-O c5 13.Rfd1 Qc6 14.Rac1 Rac8 15.Qd2 Bb8
16.dxc5 Nxc5 17.b4 Ne4 18.Rxc6 Nxd2 19.Rxc8 Nxf3+ 20.Bxf3 Bxc8 21.Be7 {#r} 1-0

[Event "Bundesliga 1988/89 (2nd)"]
[Site "masterchessopen.com – Germany"]
[Round "0"]
[White "Kordts Wolfgang (GER)"]
[Black "Riedler Michael (GER)"]
[Result "1-0"]
[WhiteElo "2236"]
[BlackElo "2125"]

1.d4 Nf6 2.c4 e6 3.Nf3 b6 4.a3 Bb7 5.Nc3 d5 6.cxd5 Nxd5 7.Qc2 Nd7 8.e4 Nxc3
9.bxc3 c5 10.Bf4 Rc8 11.d5 exd5 12.exd5 Bxd5 13.Ba6 Rc6 14.O-O-O Bd6 15.Bg5 f6
16.Rxd5 fxg5 17.Bb5 Bf4+ 18.Kb2 Rc7 19.Re1+ Kf8 20.Qf5+ Qf6 21.Bxd7 {#r} 1-0

[Event "Ch URS (club)"]
[Site "masterchessopen.com – Simferopol (Ukraine)"]
[Round "0"]
[White "Kadyrov Ruslan (RUS)"]
[Black "Orlov Georgi (USA)"]
[Result "0-1"]
[WhiteElo "2217"]
[BlackElo "2470"]

1.d4 Nf6 2.c4 e6 3.Nf3 b6 4.a3 Ba6 5.Qc2 Bb7 6.Nc3 c5 7.dxc5 bxc5 8.Bg5 Be7
9.e3 d6 10.Be2 O-O 11.O-O Nh5 12.Bxe7 Qxe7 13.Rfd1 Nf6 14.b4 Rd8 15.Qb1 Nbd7
16.Rd2 Nb6 17.bxc5 dxc5 18.Qb5 e5 19.Rad1 e4 20.Qxc5 Qxc5 21.Rxd8+ Ne8 {#R}
0-1

[Event "It (open) \"]
[Site "masterchessopen.com – Barcelona (Spain)"]
[Round "0"]
[White "Vinas Racionero Josep (ESP)"]
[Black "Pogorelov Ruslan (UKR)"]
[Result "0-1"]
[WhiteElo "2124"]
[BlackElo "2401"]

1.d4 Nf6 2.c4 e6 3.Nf3 b6 4.a3 Ba6 5.Qc2 Bb7 6.Nc3 c5 7.d5 exd5 8.Nxd5 Nxd5
9.cxd5 Bxd5 10.g3 Be7 11.Bg2 Nc6 12.O-O Be6 13.Rd1 Rc8 14.Bf4 O-O 15.e4 g5
16.Bd6 Bxd6 17.Rxd6 g4 18.Nh4 Nd4 19.Qd2 {#R} 0-1

[Event "It (open) (active)"]
[Site "masterchessopen.com – Buehl (Germany)"]
[Round "0"]
[White "Hasecic Sabahudin (BIH)"]
[Black "Meyer Stefan (GER)"]
[Result "1-0"]
[WhiteElo "2233"]
[BlackElo "2191"]

1.d4 e6 2.c4 Nf6 3.Nf3 b6 4.a3 Ba6 5.Qc2 c5 6.d5 exd5 7.cxd5 Nxd5 8.Qe4+ Ne7
9.Qxa8 Nec6 10.e4 Bxf1 11.Rxf1 Qc8 12.Bf4 d6 13.Nc3 Be7 14.O-O-O O-O 15.Bxd6
Bxd6 16.Rxd6 Qc7 17.Nb5 Qe7 18.e5 {#r} 1-0

[Event "It (open)"]
[Site "masterchessopen.com – Cappelle la Grande (France)"]
[Round "0"]
[White "Sacchini Michele (ITA)"]
[Black "Fauland Alexander (AUT)"]
[Result "0-1"]
[WhiteElo "2215"]
[BlackElo "2452"]

1.d4 Nf6 2.c4 e6 3.Nf3 b6 4.a3 Ba6 5.Qc2 Bb7 6.Nc3 c5 7.d5 exd5 8.cxd5 Nxd5
9.Bg5 f6 10.Rd1 Nxc3 {#R} 0-1

[Event "It (open) \"]
[Site "masterchessopen.com – Cologne (Germany)"]
[Round "2"]
[White "Szypulski Andrzej (POL)"]
[Black "Murmann Andreas"]
[Result "1-0"]
[WhiteElo "2405"]
[BlackElo "1865"]

1.d4 e6 2.Nf3 Nf6 3.c4 b6 4.a3 Ba6 5.Qc2 c5 6.d5 Be7 7.e4 d6 8.Nc3 O-O 9.Bd3
h6 10.h3 Nbd7 11.a4 exd5 12.exd5 Ne5 13.Nxe5 dxe5 14.O-O Ne8 15.Qe2 Bf6 16.Qe4
{#r} 1-0

[Event "It (open)"]
[Site "masterchessopen.com – San Sebastian (Spain)"]
[Round "0"]
[White "Alvarez Ibarra Rafael (ESP)"]
[Black "Veingold Aleksandr (EST)"]
[Result "0-1"]
[WhiteElo "2368"]
[BlackElo "2473"]

1.d4 Nf6 2.Nf3 e6 3.c4 b6 4.a3 Bb7 5.Nc3 d5 6.cxd5 Nxd5 7.Qc2 Nxc3 8.Qxc3 a5
9.Bf4 Bd6 10.Bg3 O-O 11.e3 Nd7 12.Bd3 Rc8 13.O-O Bxg3 14.hxg3 c5 15.dxc5 Rxc5
16.Qd4 Qa8 17.Be2 Bd5 18.Qa4 Nf6 19.b4 Rc3 20.Rfc1 Ne4 {#R} 0-1

[Event "Oberliga Northwest 1992/93"]
[Site "masterchessopen.com – Germany"]
[Round "0"]
[White "Muschik Benedikt (GER)"]
[Black "Meyer Holger (GER)"]
[Result "1-0"]
[WhiteElo "2305"]
[BlackElo "2330"]

1.d4 Nf6 2.Nf3 e6 3.c4 b6 4.a3 Ba6 5.Qc2 Bb7 6.Nc3 c5 7.d5 exd5 8.cxd5 Nxd5
9.Bg5 f6 10.Nxd5 Bxd5 11.Bf4 Be7 12.e3 Nc6 13.Bd3 g6 14.O-O-O Be6 15.h4 Na5
16.h5 g5 17.Bg3 Bb3 18.Qc3 h6 19.Bg6+ Kf8 20.Bd6 Be6 {#r} 1-0

[Event "It (open)"]
[Site "masterchessopen.com – Kilkenny (Ireland)"]
[Round "0"]
[White "Short Philip M (IRL)"]
[Black "Palmer Bernard (IRL)"]
[Result "1-0"]
[WhiteElo "2282"]
[BlackElo "2006"]

1.d4 Nf6 2.Nf3 e6 3.c4 b6 4.a3 Ba6 5.Qc2 c5 6.d5 exd5 7.cxd5 Bb7 8.e4 Qe7
9.Bd3 Nxd5 10.O-O Nc7 11.Nc3 Qd8 12.Re1 Be7 13.e5 h6 14.Ne4 O-O 15.Ng3 d5
16.exd6 Bxd6 17.Nf5 Ne6 18.Be4 Bxe4 19.Qxe4 Na6 20.Bxh6 Bc7 21.Bg5 {#r} 1-0

[Event "It (open)"]
[Site "masterchessopen.com – Acasusso (Argentina)"]
[Round "3"]
[White "Giardelli Sergio C (ARG)"]
[Black "Paris Javier (ARG)"]
[Result "1-0"]
[WhiteElo "2480"]
[BlackElo "2118"]

1.d4 Nf6 2.c4 e6 3.Nf3 b6 4.a3 Be7 5.Nc3 Bb7 6.d5 d6 7.b4 O-O 8.Bb2 c6 9.dxe6
fxe6 10.g3 d5 11.Bh3 Bc8 12.O-O Bd6 13.e4 e5 14.Bxc8 Qxc8 15.cxd5 h6 16.Nh4
Qh3 17.f3 b5 18.dxc6 Bc7 19.Nd5 Nxd5 20.Qxd5+ Kh7 {#r} 1-0

[Event "It (open)"]
[Site "masterchessopen.com – Chicago (USA)"]
[Round "7"]
[White "O'Donnell Robert (USA)"]
[Black "Chow Albert (USA)"]
[Result "0-1"]
[WhiteElo "2074"]
[BlackElo "2310"]

1.d4 Nf6 2.c4 e6 3.Nf3 b6 4.a3 Ba6 5.Nbd2 d5 6.e3 Be7 7.b4 O-O 8.Bd3 c5 9.dxc5
bxc5 10.b5 Bb7 11.Bb2 Nbd7 12.O-O Ne4 13.Qc2 f5 14.Ne5 Nxd2 15.Qxd2 Nxe5
16.Bxe5 dxc4 {#R} 0-1

[Event "Oberliga NRW 1994/95"]
[Site "masterchessopen.com – Germany"]
[Round "0"]
[White "Gruettemeier Uwe (GER)"]
[Black "Morawietz Dieter (GER)"]
[Result "0-1"]
[WhiteElo "2165"]
[BlackElo "2415"]

1.d4 Nf6 2.c4 e6 3.Nf3 b6 4.a3 Ba6 5.Qc2 Bb7 6.Nc3 c5 7.e3 Be7 8.Bd3 d5 9.cxd5
exd5 10.O-O O-O 11.Rd1 Nbd7 12.Bf5 g6 13.Bh3 Qc7 14.dxc5 bxc5 15.b3 Rad8
16.Bb2 d4 17.Ne2 Bxf3 18.gxf3 Ne5 19.Nxd4 Rxd4 20.exd4 Nxf3+ 21.Kf1 Qxh2
22.Bg2 Qg1+ {#R} 0-1

[Event "Ch Czech Chess Union (open)"]
[Site "masterchessopen.com – Prague (Czech Republic)"]
[Round "4"]
[White "Hrubant Ivan (CZE)"]
[Black "Bechyne Jaroslav (CZE)"]
[Result "1-0"]
[WhiteElo "2046"]
[BlackElo "2075"]

1.d4 Nf6 2.c4 e6 3.Nf3 b6 4.a3 Bb7 5.Nc3 d5 6.cxd5 Nxd5 7.Qc2 Be7 8.Bd2 O-O
9.e4 Nxc3 10.Bxc3 c5 11.dxc5 Bxc5 12.Rd1 Qc7 13.Be2 Nc6 14.O-O Rfd8 15.b4 Nxb4
16.Qb2 Nc6 17.Bxg7 Bxa3 18.Qf6 Bf8 19.Bxf8 Kxf8 20.Ng5 Kg8 21.Bh5 Ne5 22.Rc1
{#r} 1-0

[Event "It (open) (active)"]
[Site "masterchessopen.com – Barcelona (Spain)"]
[Round "1"]
[White "Gomez Jurado Luis Alberto (ESP)"]
[Black "Junyent Llobet Joaquim (ESP)"]
[Result "1-0"]
[WhiteElo "2300"]
[BlackElo "2087"]

1.d4 Nf6 2.Nf3 e6 3.c4 b6 4.a3 Bb7 5.Nc3 Be7 6.d5 O-O 7.e4 exd5 8.cxd5 d6
9.Bd3 Na6 10.b4 c5 11.dxc6 Qc8 12.Bb2 Bxc6 13.b5 Bxb5 14.Bxb5 Nc5 15.O-O {#r}
1-0

[Event "It (cat.16)"]
[Site "masterchessopen.com – Biel (Switzerland)"]
[Round "8"]
[White "Portisch Lajos (HUN)"]
[Black "Karpov Anatoly (RUS)"]
[Result "0-1"]
[WhiteElo "2600"]
[BlackElo "2775"]

1.d4 Nf6 2.c4 e6 3.Nf3 b6 4.a3 Bb7 5.Nc3 d5 6.cxd5 Nxd5 7.Qc2 Nxc3 8.Qxc3 Nd7
9.Bg5 Be7 10.Bxe7 Kxe7 11.e3 Rc8 12.Be2 c5 13.dxc5 Rxc5 14.Qxg7 Rg8 15.Qxh7
Rxg2 16.Qh5 Nf6 17.Rd1 Qc7 18.Nd4 a5 19.Nb5 Rxb5 20.Bxb5 Rg4 {#R} 0-1

[Event "It (open)"]
[Site "masterchessopen.com – Boblingen (Germany)"]
[Round "0"]
[White "Farago Ivan (HUN)"]
[Black "Kunz Konstantin (GER)"]
[Result "1-0"]
[WhiteElo "2515"]
[BlackElo "2249"]

1.d4 Nf6 2.c4 e6 3.Nf3 b6 4.a3 Ba6 5.Qb3 c6 6.Bg5 d5 7.cxd5 Qxd5 8.Qc2 Qe4
9.Qd2 Nd5 10.g3 h6 11.Be3 Nd7 12.Bg2 Qg6 13.Nc3 Be7 14.O-O O-O 15.Rfc1 Rac8
16.a4 Bb4 17.Nxd5 {#r} 1-0

[Event "It (open)"]
[Site "masterchessopen.com – Passau (Germany)"]
[Round "0"]
[White "Wells Peter K (ENG)"]
[Black "Murdzia Piotr (POL)"]
[Result "1-0"]
[WhiteElo "2475"]
[BlackElo "2360"]

1.d4 Nf6 2.c4 e6 3.Nf3 b6 4.a3 Bb7 5.Nc3 d5 6.Qc2 dxc4 7.e4 c5 8.d5 exd5
9.exd5 Bd6 10.Bxc4 Qe7+ 11.Kf1 O-O 12.Bg5 h6 13.Re1 Qd8 14.Bxf6 Qxf6 15.Ne4
Qd8 16.h4 Re8 17.Nfg5 hxg5 18.hxg5 Nd7 19.Re3 Be5 20.g6 b5 21.d6 bxc4 22.Reh3
{#r} 1-0

[Event "It (open)"]
[Site "masterchessopen.com – Balatonbereny (Hungary)"]
[Round "3"]
[White "Gradl Winfried (GER)"]
[Black "Hudecz Viktor (HUN)"]
[Result "1-0"]
[WhiteElo "2008"]
[BlackElo "2159"]

1.d4 Nf6 2.c4 e6 3.Nf3 b6 4.a3 Bb7 5.Nc3 d5 6.cxd5 Nxd5 7.Qc2 Be7 8.Nxd5 exd5
9.Bf4 c6 10.e3 O-O 11.Bd3 g6 12.h4 Bf6 13.h5 c5 14.hxg6 hxg6 15.Bxg6 fxg6
16.Qxg6+ Bg7 17.Ng5 Rf6 18.Rh8+ {#r} 1-0

[Event "Ch Berlin"]
[Site "masterchessopen.com – Berlin (Germany)"]
[Round "5"]
[White "Reichenbach Werner (GER)"]
[Black "Krasnici Hasan (GER)"]
[Result "0-1"]
[WhiteElo "2255"]
[BlackElo "2209"]

1.d4 Nf6 2.c4 e6 3.Nf3 b6 4.a3 Bb7 5.Nc3 d5 6.cxd5 Nxd5 7.Qc2 Nxc3 8.bxc3 Be7
9.e4 Nd7 10.Bd3 c5 11.O-O Qc7 12.Qe2 O-O 13.Bd2 {#R} 0-1

[Event "It (open) \"]
[Site "masterchessopen.com – Debrecen (Hungary)"]
[Round "5"]
[White "Daroczy Sandor (HUN)"]
[Black "Nagy Attila (SVK)"]
[Result "1-0"]
[WhiteElo "1961"]
[BlackElo "2134"]

1.d4 Nf6 2.c4 e6 3.Nf3 b6 4.a3 Bb7 5.Nc3 d5 6.cxd5 Nxd5 7.Nxd5 Bxd5 8.e3 Bb7
9.Bb5+ c6 10.Bd3 Be7 11.O-O O-O 12.Qc2 h6 13.Ne5 Qc7 14.b4 Nd7 15.f4 Nxe5
16.fxe5 Rac8 17.Be4 c5 18.Bxb7 Qxb7 19.bxc5 bxc5 20.Rb1 Qd7 21.Qe4 Rfd8 {#r}
1-0

[Event "It (open)"]
[Site "masterchessopen.com – Graz (Austria)"]
[Round "5"]
[White "Singer Richard (AUT)"]
[Black "Frosch Ronald (AUT)"]
[Result "1-0"]
[WhiteElo "2263"]
[BlackElo "2241"]

1.d4 Nf6 2.c4 e6 3.Nf3 b6 4.a3 Bb7 5.Nc3 d5 6.Bg5 Be7 7.e3 O-O 8.Qc2 Nbd7
9.cxd5 exd5 10.Bd3 h6 11.Bf4 c5 12.O-O Rc8 13.Bf5 c4 14.Rad1 Bc6 15.Ne5 a6
16.e4 Nxe5 17.dxe5 {#r} 1-0

[Event "Ch Europe (juniors) (under 16) (g)"]
[Site "masterchessopen.com – Tallinn (Estonia)"]
[Round "1"]
[White "Gasparian Mariana (ARM)"]
[Black "Ramanauskaite Giedre (LTU)"]
[Result "1-0"]
[WhiteElo "2089"]
[BlackElo "1981"]

1.d4 Nf6 2.c4 e6 3.Nf3 b6 4.a3 Bb7 5.Nc3 Be7 6.d5 O-O 7.e4 exd5 8.exd5 Re8
9.Be2 c6 10.O-O cxd5 11.cxd5 Ba6 12.Bxa6 Nxa6 13.b4 Bd6 14.Bg5 Be5 15.Nxe5
Rxe5 16.f4 Re3 17.Qd4 Qe7 18.d6 Qe6 19.f5 Qe5 20.Bxe3 Qe8 21.Rfe1 Qf8 22.Bg5
{#r} 1-0

[Event "Ch Manitoba"]
[Site "masterchessopen.com – Winnipeg (Canada)"]
[Round "2"]
[White "Gentes Kevin (CAN)"]
[Black "Henson Joshua (CAN)"]
[Result "1-0"]
[WhiteElo "2330"]
[BlackElo "2076"]

1.d4 Nf6 2.c4 e6 3.Nf3 b6 4.a3 Ba6 5.Qc2 Bb7 6.Nc3 d5 7.cxd5 exd5 8.Bf4 c5
9.Nb5 Na6 10.Qa4 Nd7 11.e3 Be7 12.Nd6+ Bxd6 13.Bxd6 c4 14.b3 Nb8 15.bxc4 dxc4
16.Ne5 f6 17.Qxc4 {#r} 1-0

[Event "It (open)"]
[Site "masterchessopen.com – Corte Ingles (Spain)"]
[Round "0"]
[White "Brito Garcia Alfredo (ESP)"]
[Black "Vega Gutierrez Sabrina (ESP)"]
[Result "1-0"]
[WhiteElo "2385"]
[BlackElo "2327"]

1.d4 Nf6 2.c4 e6 3.Nf3 b6 4.a3 Bb7 5.Nc3 Be7 6.d5 exd5 7.cxd5 O-O 8.g3 Re8
9.Bg2 Bf8 10.O-O Na6 11.e4 c6 12.d6 Nc5 13.e5 Ng4 14.b4 Na6 15.Qd4 Nh6 16.Bxh6
gxh6 17.Qg4+ Bg7 18.Ne4 Kh8 19.Qf5 c5 20.b5 Nb8 21.Nfg5 {#r} 1-0

[Event "It (open) \"]
[Site "masterchessopen.com – Pamplona (Spain)"]
[Round "2"]
[White "De Andres Gonalons Fernando (ESP)"]
[Black "Rodriguez Amador (ESP)"]
[Result "0-1"]
[WhiteElo "2137"]
[BlackElo "2495"]

1.d4 Nf6 2.c4 e6 3.Nf3 b6 4.a3 c5 5.e3 g6 6.Nc3 Bg7 7.Be2 O-O 8.O-O d5 9.Qc2
Bb7 10.cxd5 exd5 11.b3 Nbd7 12.Bb2 Qe7 13.Rfd1 Rac8 14.dxc5 Nxc5 15.b4 Nce4
16.Qb3 Nxf2 17.Kxf2 Rxc3 18.Bxc3 Ne4+ 19.Kf1 Nxc3 20.Re1 Nxe2 21.Kxe2 Bxa1
22.Rxa1 d4 {#R} 0-1

[Event "It (open) \"]
[Site "masterchessopen.com – Aggtelek (Hungary)"]
[Round "4"]
[White "Zambo Zoltan (HUN)"]
[Black "Cioara Andrei Nestor (ROM)"]
[Result "0-1"]
[WhiteElo "2389"]
[BlackElo "2423"]

1.d4 Nf6 2.c4 e6 3.Nf3 b6 4.a3 Bb7 5.Nc3 d5 6.Bg5 Be7 7.e3 O-O 8.Bd3 Nbd7
9.O-O c5 10.cxd5 exd5 11.Rc1 Ne4 12.Bxe7 Qxe7 13.Bb5 Ndf6 14.Ne5 Rac8 15.Nxe4
dxe4 16.Qe2 Nd5 17.Bc4 f6 18.Bxd5+ Bxd5 19.Nc4 cxd4 20.exd4 Qc7 21.Qe3 b5 {#R}
0-1

[Event "Ch Amager"]
[Site "masterchessopen.com – Denmark"]
[Round "2"]
[White "Lonborg Morten (DEN)"]
[Black "Olsen Heini (FAI)"]
[Result "0-1"]
[WhiteElo "2159"]
[BlackElo "2292"]

1.d4 Nf6 2.c4 e6 3.Nf3 b6 4.a3 Bb7 5.Bg5 Be7 6.e3 h6 7.Bh4 O-O 8.Bd3 c5 9.O-O
cxd4 10.Nxd4 d5 11.Nc3 Nbd7 12.cxd5 Nxd5 13.Bxe7 Qxe7 14.Rc1 Nc5 15.b4 Nxc3
16.Rxc3 Qg5 17.Nf3 Qf6 18.Nd4 Nxd3 19.Qxd3 e5 20.Ne2 Rfd8 21.Qc2 Rd7 22.Rd1
Qg6 {#R} 0-1